Statistics for World Capitals Closest to New Delhi - distance order

Click here to take the quiz!

General Stats

  • This quiz has been taken 125 times
  • The average score is 8 of 20

Answer Stats

kmCapitalmiles% Correct
689Islamabad428
100%
802Kathmandu498
81%
1006Kabul625
72%
1420Dhaka882
61%
1226Thimphu762
61%
1350Dushanbe839
49%
1582Tashkent983
46%
1601Bishkek995
45%
2032Ashgabat1263
37%
2546Tehran1582
36%
2153Naypyidaw1338
33%
2751Malé1710
30%
2438Sri Jayawardenepura Kotte1515
29%
2556Astana1588
26%
1946Muscat1209
23%
2319Abu Dhabi1441
22%
2571Doha1598
22%
2640Manama1641
18%
2815Baku1749
16%
2841Kuwait City1765
15%

Score Distribution

Percentile by Number Answered

Percent of People with Each Score

Your Score History

You have not taken this quiz